| 000 | 02411nam a2200361 a 4500 | ||
|---|---|---|---|
| 001 | ebr10684937 | ||
| 003 | CaPaEBR | ||
| 006 | m u | ||
| 007 | cr cn||||||||| | ||
| 008 | 121207s2013 nju sb 001 0 eng d | ||
| 010 | _z 2012049071 | ||
| 020 | _z9781118381984 (hbk.) | ||
| 020 | _z9781118420720 (e-book) | ||
| 040 |
_aCaPaEBR _cCaPaEBR |
||
| 035 | _a(OCoLC)822971542 | ||
| 050 | 1 | 4 |
_aHD2769.15 _b.R396 2013eb |
| 082 | 0 | 4 |
_a658.4/012 _223 |
| 100 | 1 | _aRaymond, Susan Ueber. | |
| 245 | 1 | 0 |
_aRecession, recovery, and renewal _h[electronic resource] : _blong-term nonprofit strategies for rapid economic change / _cSusan U. Raymond. |
| 260 |
_aHoboken : _bWiley, _c2013. |
||
| 300 | _axiii, 274 p. | ||
| 490 | 1 | _aWiley nonprofit authority | |
| 504 | _aIncludes bibliographical references and index. | ||
| 505 | 0 | _aAcknowledgments -- Introduction -- Cascading crisis -- Recovery and near term economic prospects -- A multi-polar global economy -- Appendix 1: Case solutions -- Case A: Plunging resources and community-wide crisis -- Case B: Private resource strategies for the long haul -- Case C: Private fundraising strategy in a newly open society -- Case D: Global company seeks global engagement -- Case E: Public resources and private outreach -- Case F: New leaders, new passion, persistent problems -- Case G: Strength to strength : partnership to boost engagement -- Case H: Globalization and social media -- Case I: Multichannel pathways to reach new fundraising markets -- Case J: New strength through simplifying identity -- Case K: Communications strategy for shifting demographics -- Case L: New institutions for new demographics -- Case M: New brand strategy amidst economic crisis -- Case N: Measuring subtle change in diverse organizations -- Appendix 2: Self-assessment questionnaire -- About the author -- Index. | |
| 533 |
_aElectronic reproduction. _bPalo Alto, Calif. : _cebrary, _d2013. _nAvailable via World Wide Web. _nAccess may be limited to ebrary affiliated libraries. |
||
| 650 | 0 |
_aNonprofit organizations _xPlanning. |
|
| 650 | 0 | _aGlobal Financial Crisis, 2008-2009. | |
| 650 | 0 | _aStrategic planning. | |
| 655 | 7 |
_aElectronic books. _2local |
|
| 710 | 2 | _aebrary, Inc. | |
| 830 | 0 | _aWiley nonprofit authority series. | |
| 856 | 4 | 0 |
_uhttp://site.ebrary.com/lib/rucke/Doc?id=10684937 _zAn electronic book accessible through the World Wide Web; click to view |
| 999 |
_c12906 _d12906 |
||